000 00626nam a22002177a 4500
003 UA-OsUOA
001 56880
007 ta
008 20081114b un ||||| |||| 00| 0 ukr d
100 _aБунятян К.П.
090 _a902
_bБ-12
942 _cSA
040 _aUA-OsUOA
_bukr
_cUA-OsUOA
_dUA-OsUOA
245 _aГородоцько-здовбицька культура: проблемна ситуація
300 _aС.10-20
955 _a0
041 _aukr
080 _a902
773 0 _w56877
_tАрхеологія
_dК.
_d2008
_g3
650 7 _a9 Географія. Біографії. Історія
_2UDC
999 _c342956
_d342956